[Event "GER-ch Schools U18 Girls"]
[Site "Germany"]
[Date "2010.05.07"]
[Round "1.2"]
[White "Liez, Franziska"]
[Black "Boehnki, Linda"]
[Result "1-0"]
[WhiteElo "1440"]
[BlackElo "800"]
[PlyCount "47"]
[EventDate "2010.05.07"]
[EventType "team-swiss"]
[EventRounds "7"]
[EventCountry "GER"]
[SourceTitle "EXT 2011"]
[Source "ChessBase"]
[SourceDate "2010.11.26"]
[SourceVersion "1"]
[SourceVersionDate "2010.11.26"]
[SourceQuality "1"]
[WhiteTeam "Limburg Mariens (W)"]
[BlackTeam "Blankenburg GaT (W)"]
[WhiteTeamCountry "GER"]
[BlackTeamCountry "GER"]

1. e4 e5 2. Nf3 Nc6 3. Nc3 Nf6 4. Bb5 Bc5 5. Nxe5 Nxe5 6. d4 Neg4 7. dxc5 0-0 8. Bg5 d6 9. cxd6 cxd6 10. 0-0 d5 11. exd5 Qd6 12. g3 Ne8 13. Re1 Bd7 14. Bxd7 Qxd7 15. Be7 Nc7 16. Bxf8 Kxf8 17. d6 Ne6 18. Qxg4 Qxd6 19. Rad1 Qc6 20. Qe4 Ng5 21. Qe7+ Kg8 22. Rd8+ Rxd8 23. Qxd8+ Qe8 24. Qxe8# 1-0